EWIGE TABELLE:OBERLIGA RHEILAND-PFALZ/SAAR - Statistiken

Allgemein
  • Dieses Quiz wurde 21 mal gespielt
  • Das Durchschnittsergebnis liegt bei 7 aus 52
Antwortstatistiken
Punkte Platz Antwort % Korrekt
351 13 TuS Koblenz
80%
406 6 TSV Schott Mainz
60%
400 8 1.FC Kaiserslautern II
45%
385 10 FK Pirmasens
40%
479 4 TuS Mechtersheim
35%
503 3 Arminia Ludwigshafen
25%
221 22 Borussia Neunkirchen
25%
543 1 SV Gonsenheim
25%
337 15 FSV Salmrohr
20%
105 33 Hassia Bingen
20%
174 25 SC Idar-Oberstein
20%
125 28 SV Auersmacher
20%
443 5 FC Hertha Wiesbach
15%
276 18 FC Rot-Weiß Koblenz
15%
89 37 FV Eppelborn
15%
365 12 SV Eintracht Trier 05
15%
194 23 SV Morlautern
15%
379 11 SV Röchling Völklingen
15%
514 2 TSG Pfeddersheim
15%
241 20 VfR Wormatia Worms
15%
117 30 1.FC Saarbrücken II
10%
96 35 FC 08 Homburg
10%
20 49 FC Bitburg
10%
398 9 FC Karbach
10%
351 14 FV Engers 07
10%
292 16 SC Hauenstein
10%
133 27 SpVgg EGC Wirges
10%
149 26 SV Saar 05 Saarbrücken
10%
25 46 Ahrweiler BC
5%
47 42 FC Cosmos Koblenz
5%
29 45 FC Speyer 09
5%
260 19 FSV Jägersburg
5%
236 21 FV Dudenhofen
5%
18 50 SC Halberg Brebach
5%
16 51 SF Köllerbach
5%
104 34 SG 06 Betzdorf
5%
72 40 SG 2000 Mülheim-Kärlich
5%
111 31 Sportfreunde Eisbachtal
5%
30 44 SpVgg Quierschied
5%
188 24 SV Alemannia Waldalgesheim
5%
108 32 SV Mehring
5%
79 39 SV Roßbach/Verscheid
5%
24 48 SV Viktoria Herxheim
5%
62 41 TSV Emmelshausen
5%
25 47 TuS Kirchberg
5%
35 43 VfR Baumholder
5%
89 36 FK Pirmasens II
0%
405 7 FV 07 Diefflen
0%
124 29 SG Burgbrohl
0%
292 17 SV 07 Elversberg II
0%
81 38 SVN Zweibrücken
0%
16 52 VfB Dillingen
0%
Keine übereinstimmenden Quizze gefunden
Verteilung der Resultate
Anzahl Personen mit jedem Resultat
Perzentil nach korrekt beantworteten Fragen
Ihre Resultats-Entwicklung
Sie haben dieses Quiz noch nicht gespielt